বঙগীয় শিল্প পরিচয় : (Record no. 40189)
[ view plain ]
| 000 -LEADER | |
|---|---|
| fixed length control field | 01401nam a2200253 a 4500 |
| 001 - CONTROL NUMBER | |
| control field | 40189 |
| 003 - CONTROL NUMBER IDENTIFIER | |
| rucl marc code | BD-RjUL |
| 005 - DATE AND TIME OF LATEST TRANSACTION | |
| control field | 20211209053146.0 |
| 008 - FIXED-LENGTH DATA ELEMENTS--GENERAL INFORMATION | |
| fixed length control field | 160424s2004 ii a|||| |||| 00| 0 ben d |
| 020 ## - INTERNATIONAL STANDARD BOOK NUMBER | |
| International Standard Book Number | 8187360623 |
| Terms of availability | : TK 350.00 |
| 035 ## - SYSTEM CONTROL NUMBER | |
| System control number | (BD-RjUL)40304 |
| 040 ## - CATALOGING SOURCE | |
| Original cataloging agency | BD-RjUL |
| Language of cataloging | ben |
| Transcribing agency | BD-RjUL |
| 041 ## - LANGUAGE CODE | |
| Language code of text/sound track or separate title | ben |
| 082 ## - DEWEY DECIMAL CLASSIFICATION NUMBER | |
| Edition number | 23 |
| Classification number | 745.09 |
| Author mark and year | BAN 2004 |
| 245 00 - TITLE STATEMENT | |
| Title | বঙগীয় শিল্প পরিচয় : |
| Remainder of title | বাংলা সাময়িকপত্রের লোকশিল্প-কারুশিল্প বিষয়ক প্রবন্ধ সংকলন : ১৯০১-১৯৫০ / |
| Statement of responsibility, etc. | দীপঙ্কর ঘোষ সংকলন, মিহির ভট্রাচার্য, দীপঙ্কর ঘোষ সম্পাদনা |
| 260 ## - PUBLICATION, DISTRIBUTION, ETC. (IMPRINT) | |
| Place of publication, distribution, etc. | কলিকাতা : |
| Name of publisher, distributor, etc. | লোকসংস্কৃতি ও আদিবাসী কেন্দ্র, |
| Date of publication, distribution, etc. | ২০০৪ |
| 300 ## - PHYSICAL DESCRIPTION | |
| Pagination | [৩৬], ৪৭১ পৃ. : |
| Illustrations | চিত্র ; |
| Size | ২৪ সেমি. |
| 650 ## - SUBJECT ADDED ENTRY--TOPICAL TERM | |
| Topical term or geographic name as entry element | লোক-শিল্প |
| General subdivision | ইতিহাস |
| 9 (RLIN) | 123724 |
| Topical term or geographic name as entry element | Folk-Arts |
| General subdivision | History |
| 9 (RLIN) | 123725 |
| 700 ## - ADDED ENTRY--PERSONAL NAME | |
| Personal name | ঘোষশ, দীপঙ্কর, সংকলন, |
| Personal name | ভট্রাচার্য, মিহির, সম্পাদনা |
| Personal name | ঘোষ, দীপঙ্কর, সম্পাদনা |
| 942 ## - ADDED ENTRY ELEMENTS (KOHA) | |
| Source of classification or shelving scheme | Dewey Decimal Classification |
| Koha item type | Books |
| Lost status | Source of classification or shelving scheme | Damaged status | Not for loan | Collection code | Permanent Location | Current Location | Shelving location | Date acquired | Source of acquisition | Cost, normal purchase price | Total Checkouts | Full call number | Date last seen | Date checked out | Copy number | Koha item type |
|---|---|---|---|---|---|---|---|---|---|---|---|---|---|---|---|---|
| Dewey Decimal Classification | Non-fiction | Central Library, University of Rajshahi | Central Library, University of Rajshahi | 12/03/2008 | Dhaka : Paragon Enterprise | 350.00 | 1 | B 745.09 BAN 2004 | 16/02/2020 | 06/02/2020 | C-2 | Books | ||||
| Dewey Decimal Classification | Non-fiction | Central Library, University of Rajshahi | Central Library, University of Rajshahi | 12/03/2008 | Dhaka : Paragon Enterprise | 350.00 | 1 | B 745.09 BAN 2004 | 23/06/2021 | 08/02/2021 | C-3 | Books | ||||
| Dewey Decimal Classification | Non-fiction | Central Library, University of Rajshahi | Central Library, University of Rajshahi | 12/03/2008 | Paragon Enterprises Dhaka | 350.00 | 1 | B 745.09 BAN 2004 | 21/04/2019 | 18/04/2019 | C-4 | Books | ||||
| Dewey Decimal Classification | Not For Loan | Non-fiction | Central Library, University of Rajshahi | Central Library, University of Rajshahi | Reading Room | 12/03/2008 | Paragon Entrprise ltd , Dhaka. | 350.00 | B 745.09 BAN 2004 | 24/12/2020 | C-1 | Books |